000 00985nam0a22002411 4500
001 RU\INFOCOMM_327\NLR\5000083471
005 20250614080839.0
035 _a(NLR Aleph) 010618341
090 _a10594948
_c10594948
100 _a20130327d1650 |||y0rusy50 ca
101 0 _alat
102 _aRU
105 _ay z||||
200 1 _aTractatus theologicus in quo de omnibus christianæ religionis articulis agitur, occasione ex Petri epistolâ posteriori acceptâ, quondam propositus publicè â dn. Paulo Röbero ...
_eNunc verò partim in disputatione solemni, partim in exercitiis privatis, jutsû superiorum, repetitus â Michaele Wendelero ...
210 _aViteberga [Wittenberg in Preussen]
_cex Officinâ J. Röhneri ...
_d1650
215 _a[16], 95 с.
_d16 см
686 _aР(4г)24
_2rubbk
700 1 _aRöber
_bP.
_f1587-1665
_gPaul
801 1 _aRU
_bInfocomm
_c20130327
801 0 _aRU
_bINFOCOMM
_gPSBO
852 _aNLR
_jДа1813 Аллиг.2
942 _cBOOK
980 _aNB